000 00609nam a2200217 a 4500
005 20250312063749.0
008 020201s2001 mx r 000 0 spa d
020 _a0534577806
035 _aUPN01000115530
049 _aCG
050 4 _aQA276.12
_bM3.3
100 1 _aMcCall, Robert B.
245 1 0 _aFundamental statistics for behavioral sciences /
_cRobert B. McCall
250 _a8a. ed.
260 _aAustralia :
_bWadsworth,
_c2001
300 _a528 p. :
_bil.
650 4 _aEstadística
_92988
650 4 _aCiencias sociales
_xMétodos estadísticos
_97036
902 _aMITM/rrl.
905 _aLibro
999 _c88830
_d88830